Aviation crashes. - Statistics

General Stats
  • This quiz has been taken 268 times
  • The average score is 6 of 10
Answer Stats
Hint Answer % Correct
Flight 17. Ukraine Malaysia Airlines
82%
Flight 123. Japan. Japan Airlines
79%
Flight 232. Sioux City (USA) United Airlines
78%
Flight 447. Atlantic Ocean. Air France.
72%
Flight 191. Dallas (USA). Delta Airlines.
72%
Flight 103. Scotland. Pan Am.
69%
Flight 961. Comoros. Ethiopian Airlines.
41%
Flight 801. Guam (USA). Korean Air
39%
Flight 90. Potomac River. (USA). Air Florida.
37%
Flight 870. Mediterranean Sea. Itavia
15%
No matching quizzes found
Score Distribution
Percent of People with Each Score
Percentile by Number Answered
Your Score History
You have not taken this quiz